¿Teledemocracia o teledominación? : relaciones de alianza-conflicto por el control de Internet y sus potencialidades /

Guardat en:
Dades bibliogràfiques
Autor principal: Michel Barreto, Emanuel (autor)
Format: Thesis Llibre
Idioma:espanyol
Publicat: Guadalajara, México : edición de autor, 2013
Matèries:
Accés en línia:Ver documento en línea
Etiquetes: Afegir etiqueta
Sense etiquetes, Sigues el primer a etiquetar aquest registre!

MARC

LEADER 00000nam^a2200000^a^4500
001 000630213
005 20260408000000.0
009 20260409133040.628
037 |a Acervo Xavier Clavigero 
041 |a ESP 
090 |a MFC. 80 
100 |a Michel Barreto, Emanuel  |e (autor) 
245 1 0 |a ¿Teledemocracia o teledominación? :  |b relaciones de alianza-conflicto por el control de Internet y sus potencialidades /  |c E. Michel Barreto. 
264 1 |a Guadalajara, México :  |b edición de autor,  |c 2013 
300 |a 1 tesis electrónica en línea (201 p.) 
300 |a 1 recurso en línea 
336 |a datos para computadora  |b cod  |2 rdacontenido 
337 |a computadora  |b c  |2 rdamedio 
338 |a recurso en línea  |b cr  |2 rdasoporte 
502 |a ITESO Tesis de Maestría en Filosofía y Ciencias Sociales 
649 |a XX 
650 |a Sociólogos Franceses 
650 |a Sociólogos Españoles 
650 |a Habitus 
650 |a Teoría del Campo (Sociología) 
650 |a Poder (Ciencias Sociales) 
650 |a Internet -  |x Aspectos Sociales y Culturales -  |x Tema Principal 
650 |a Tecnologías de Comunicación e Información -  |x Aspectos Sociales y Culturales 
650 |a Comunicación Masiva 
650 |a Tecnología y Sociedad 
650 |a Sociología de la Comunicación -  |x Tema Principal 
650 |a Bourdieu, Pierre 
650 |a Castells, Manuel 
856 4 0 |u https://hdl.handle.net/11117/11943  |y Ver documento en línea 
910 |a Fondo General 
920 |a Electrónicos - Tesis del ITESO en Línea 
930 |a Repositorio Institucional 
905 |a 201 
901 |a 630213-1  |b IT2  |c ETI  |u 20260408 
902 |a https://opac.biblio.iteso.mx/vufind/Record/000630213